Metamorfosis / (Record no. 116024)

MARC details
000 -LEADER
campo de control de longitud fija 00578nam a2200181 i 4500
001 - NÚMERO DE CONTROL
campo de control 116024
003 - IDENTIFICADOR DE NÚMERO DE CONTROL
campo de control ES-MaACL
005 - FECHA Y HORA DE LA ÚLTIMA TRANSACCIÓN
campo de control 20230906190621.0
007 - CAMPO FIJO DE DESCRIPCIÓN FÍSICA--INFORMACIÓN GENERAL
campo de control de longitud fija t|
008 - DATOS DE LONGITUD FIJA--INFORMACIÓN GENERAL
campo de control de longitud fija 061121s1970 sp r ||||1| spa d
100 1# - ENTRADA PRINCIPAL--NOMBRE DE PERSONA
Nombre de persona Ovidio Nasón, Publio.
9 (RLIN) 88013
245 10 - MENCIÓN DEL TÍTULO
Título Metamorfosis /
Mención de responsabilidad, etc. Publio Ovidio Nason ; introducción, textos y comentarios de Julio Campos, Sch.
260 ## - PUBLICACIÓN, DISTRIBUCIÓN, ETC.
Lugar de publicación, distribución, etc. Madrid :
Nombre del editor, distribuidor, etc. Instituto Antonio de Nebrija,
Fecha de publicación, distribución, etc. 1970.
300 ## - DESCRIPCIÓN FÍSICA
Extensión 1 v. ;
Dimensiones 19 cm.
700 1# - ENTRADA AGREGADA--NOMBRE PERSONAL
Nombre de persona Campos Ruiz, Julio.
9 (RLIN) 140049
710 2# - ENTRADA AGREGADA--NOMBRE DE ENTIDAD CORPORATIVA
Nombre de entidad corporativa o nombre de jurisdicción como elemento de entrada Instituto Antonio de Nebrija.
9 (RLIN) 4795
852 4# - LOCALIZACIÓN
Ubicación ES-MaACL
Número de control de estantería P-267
Holdings
Estatus retirado Estado de pérdida Estado de daño No para préstamo Biblioteca de origen Biblioteca actual Ubicación en estantería Fecha de adquisición Fuente de adquisición Total de préstamos Signatura topográfica completa Código de barras Visto por última vez Precio de reemplazo Tipo de ítem Koha
        Biblioteca del Ateneo de Madrid Biblioteca del Ateneo de Madrid Depósito 2 17/01/2008     P-267 1120991 23/02/2023 23/02/2023 Libro impreso